00927 a2200157 4500003000500000005001700005020001800022040000900040082001500049100002800064245009900092260002600191300001600217505050000233600003600733Nust20260102100033.0 a9789698535148 cNust a954.13,SAD aMuhammad Yousaf Sadique aMashriq main islami tahzeeb k asaar Bangal main arbi farsi kitabbat /cMuhammad Yousaf Sadique aIslamabadbNUSTc2013 axxviii,651p aKatba Shanasi : Islami Tareekh wa Tahzeeb ka Aham Maakhaz , Bangal main Islam ka Faroogh or nay Nizam ki Tashkeel, Khosh Naweesi or Islami Saqafat : Muslim Bangal k Kitabat main Fan e Khatati ki Jamaliyati Seher Angazi , Bangal k Islami Kitbaat ki roohani Jehat , Dunyavi Jaah- wa- Hashmat : Bangal K Isami Kitabaat main Alqaab ka Tanoow, Ibtadai Islami Kitbaat, Ehad Saltanat K Kitbaat , Ehad Mitaakhar k Islami KItbaat, Ghair Morkha or Mutafariq Kitbaat , Inthaai Nigarish , Zamima Jaat.  aBangal main arbi farsi kitabbat